|
|
|
|
| LEADER |
00000cam a2200000 7i4500 |
| 001 |
0000053967 |
| 005 |
20240403142229.0 |
| 006 |
ao ### ###s |
| 007 |
ta |
| 008 |
231024n my o s may |
| 040 |
|
|
|a MBPJ
|b eng
|c MBPJ
|e rda
|
| 090 |
0 |
0 |
|a MON 171
|
| 110 |
2 |
|
|a Dewan Negeri Selangor
|e issuing body
|
| 245 |
0 |
0 |
|a Dewan Undangan Negeri Selangor Darul Ehsan
|c Dewan Negeri Selangor
|
| 264 |
|
0 |
|a Selangor :
|b Dewan Negeri Selangor
|c [date of publication not identified]
|
| 300 |
|
|
|a 80 pages :
|b colour photographs ;
|c 23cm.
|
| 337 |
|
|
|a text
|2 rdamedia
|
| 338 |
|
|
|a unmediated
|2 rdamedia
|
| 338 |
|
|
|a volume
|2 rdacarrier
|
| 500 |
|
|
|a Bahan monograf - (24/10/2023)
|
| 651 |
|
0 |
|a Selangor
|x Dewan Undangan Negeri
|
| 651 |
|
0 |
|a Selangor
|x Politics and government
|
| 999 |
|
|
|a 126430
|b BAHAN MONOGRAF
|c KOLEKSI BAHAN ARKIB
|e PERPUSTAKAAN KOMUNITI PETALING JAYA
|